Quizzes
Events
Quiz Creation
Community
Videos
Private Events
Remove Ads
Sign In
Join for FREE
Feedback
Dark Mode
Quiz Categories
Sports
Geography
Music
Movies
Television
Just For Fun
Miscellaneous
History
Literature
Language
Science
Gaming
Entertainment
Religion
Holiday
For Kids
Quiz Lab
Recent
Popular Today
Quiz Kudos Today
Editor Picks
Curator Picks
Quizzes by...
Day
Popularity
Type
Ratings
Length
Year
Community
Subscriptions
Recent Discussions
Orange Saloon
Badges
Playlists
Quests
Create
Leaderboards
Showdown
Live 5
Trivia Bingo
Activity
Puzzle Library
Sporcle Events
Private Events
Virtual Trivia
Globe League
Become a Host
Pub Owners
SporcleCon
Opinionation
Our Games
Videos
Blog
Mobile Apps
Partnerships
Remove Ads and Go Orange
Feedback
Gaming
Video Games
Board Games
Card Games
Pokémon
Mario
Nintendo
Minecraft
Console
Toys
Legend of Zelda
Gaming
Video Games
Board Games
Card Games
Pokémon
Mario
Nintendo
Minecraft
Console
Toys
Legend of Zelda
Random Quiz
Search Sporcle
×
Quiz Lab
Quiz Lab
Gaming
Nintendo
Type in answers that appear in a list
Type in answers that appear in a list
Classic
Best Score? Go Orange.
Jelly Boy-Grab Bag Stats
Can You Name the Jelly Boy-Grab Bag?
By
sparkman
25m
138 Questions
97 Plays
97 Plays
97 Plays
Comments
Comments
Give Quiz Kudos
Give Quiz Kudos
-
- Ratings
hide this ad
Replay
Link that replays current quiz
Next Quiz
Link to next quiz in quiz playlist
You Got
0%
They Got
Avg Score
87%
Avg Friend Score
Upgrade to see
Score Distribution
Jump to the score distribution portion of the page
Score
0/138
Timer
25:00
0
Plays Today
% Correct
Musical Notes
100%
Strawberries
100%
Oranges
100%
Lemons
100%
Avocados
100%
Extra Lives
100%
Marble
100%
Rock
100%
Aztec Warrior
100%
Alien
100%
Arabian Man
100%
Mummy
100%
Here Goes Jelly
99%
Marble Alley
99%
Drum Solo
99%
The Fridge
99%
Freezer
99%
Brass Monkeys
99%
Treetops
99%
Oil Wells
99%
Caravan
99%
Over the Top
99%
Spinning Top
99%
Snowman
99%
An Aztec throwing Rocks
99%
Alien
99%
Fat Desert Queen
99%
The Balloonist
99%
Top Hat
99%
Aztec Statue
99%
Star
99%
Gem
99%
Anchor
99%
Hot Air Balloon
99%
Brick
99%
Bomb
99%
Mini
99%
Skier
99%
Ice Skater
99%
Skateboarder
99%
Ball
99%
Rocket
99%
Jelly Boy
99%
Harry the Dog
99%
Helpy Block
99%
Elevator Attendant
99%
% Correct
Mr Swirly
99%
Cherries
98.6%
Gnome Heavy
98.6%
Tough Guy Heavy
98.6%
Bearded Heavy
98.6%
Soldier
98.6%
Angel
98.6%
Penguin
98.6%
Army Ant
98.6%
Poacher
98.6%
Teeth
98.6%
Scarab Beetle
98.6%
Camel
98.6%
Sand Worm
98.6%
Seagull
98.6%
Cloud Man
98.6%
Barmy Army
97.9%
Mini Maze
97.9%
Doll's House
97.9%
The Darkroom
97.9%
Blowpipes
97.9%
Fire Pits
97.9%
Critters & Craters
97.9%
Kessle
97.9%
Chessle
97.9%
Puckle
97.9%
Green Cheese
97.9%
Arabian Night
97.9%
Pyramids
97.9%
Mummy's Tomb
97.9%
Fort Sesame
97.9%
Shepherd's Delight
97.9%
Spinner
97.9%
Cannon
97.9%
Battering Ram
97.9%
Pogo Stick
97.9%
Umbrella
97.9%
Helicopter
97.9%
Jigsaw Pieces
97.2%
Keys
97.2%
Halfway Flags
97.2%
Teddy Bear
97.2%
Monkey
97.2%
Poseidon
97.2%
Blocks Away
96.9%
Cresta Run
96.9%
% Correct
Snow Way
96.9%
Jungle Gym
96.9%
Temple of Gloom
96.9%
Sun Rise
96.9%
Sunken City
96.9%
Porkle
96.9%
Valley of Kings
96.9%
Cloud Eight
96.9%
Twister
96.9%
Blowtorch
96.9%
Grotto
95.9%
Snow Falls
95.9%
Rainforest
95.9%
Hammer
95.9%
Duck
95.9%
Eskimo
95.8%
Ice Cream Van
95.8%
Anemone
95.8%
Dogfish
95.8%
UFO
95.7%
High Zone
94.8%
Wall Sticker
94.8%
Sultan
94.4%
Adventurer
94.4%
High n Dry
93.8%
Submarine
93.8%
Hanger
93%
Frost Man
93%
The Swamps
92.8%
High Voltage
92.8%
Champagne Bottle
92.8%
Boat
92.8%
Chilly
91.8%
Missiles
91.5%
Swimmer
90.1%
Chopper
90.1%
Wasp
90.1%
Windy
88.7%
Lightbulb
88.7%
Eyeball
87.3%
Vulture
87.3%
Push Off
86.6%
This Way Up
84.5%
Airplane
84.5%
Asp
84.5%
Gopher
83.1%
Quiz Playlist
Details
Report
Send in Message
Add To Playlist
Classic:
Type in answers that appear in a list
Last Updated: Oct 26, 2022
Quiz Scoreboard
CHALLENGE
Sign Up to Join the Scoreboard
Show All
Scores
Hide
Comments
May contain spoilers
Recently Published
Click the 1999 NBA Draft
by nibperrychub
Sports
2m
Alphabetical 'K' Countries by Flag Minefield
by ylime102
Geography
3m
Pick 6: Fruits
by JohnFran
Miscellaneous
15s
More to Explore
Quiz From the Vault
Featured Blog Post
15 Basketball Trivia Facts You Can Be March Mad About
hide this ad
You Might Also Like...
Tags
Nintendo Quiz
bag
Boy
Jelly
Today's Top Quizzes in Gaming
Browse Gaming
hide this ad
Today's Top Quizzes in Nintendo
Browse Nintendo
Top Contributed Quizzes in Gaming
1
Pokémon Gen IV Logic Puzzle (HARD)
2
HARD Pokemon Logic Puzzle
3
Honkai: Star Rail Technique Names Quiz
4
Order Genshin Impact characters by release date!
5
Stardew Valley Logic Puzzle
6
Genshin Impact Logic Puzzle Quiz
7
Danganronpa 1 Logic Puzzle
8
Pokémon Logic Puzzle (DIFFICULT)
9
Kingdom Hearts Logic Puzzle
10
Genshin Impact Logic Puzzle
Explore More
Trending Topics
Harry Potter
Kpop
Marvel
Crossword
NBA
Disney
Anime
NFL
WWE
Soccer
The Office
Country
Puzzle
Pokémon
Song
hide this ad
More By:
sparkman
Quiz
Plays
Rating
Category
Featured
Created
ATP Tennis Grand Slam Finals from 1990 Onwards?
1,304
3.33
Sports
Jul 28, 2014
Dark Souls 3-Grab Bag
1,007
4.67
Gaming
May 30, 2016
Super Metroid-Grab Bag
867
4.56
Gaming
Feb 9, 2012
Plants vs Zombies Garden Warfare 2-Grab Bag
850
5.00
Gaming
Apr 12, 2016
Far Cry 3-Wildlife
765
4.50
Gaming
Jan 3, 2013
Go to Creator's Profile
Score Distribution
Quiz Creator Spotlight
sparkman
Follow
Send a Message
Quizzes Created
-
Created Quiz Play Count
-
More By This Creator
Popular Quizzes Today
1
Countries of Asia Without Outlines Minefield
2
Find the US States - No Outlines Minefield
3
Pick 6: Fruits
4
Alphabetical 'K' Countries by Flag Minefield
5
The Countries of the World
6
Find the US States
7
US States
8
Match the Book to the Film X
More Gaming Quizzes
PlayStation 5 Games by Screenshots
Editor's Pick
Trending Quizzes
Pick 6: Mountains
Pick 6: Harry Potter
Pick 6: NFL Teams
Pick 6: Movie Franchises
Pick 6: Golfers
Recently Updated
NWSL Teams
pecheneg
Women's Final Four Teams by Year
bhenderson79
Presidents Quartet II
eogle
Anything But Clue(do)
eogle
Anything But Oceanian Capitals
eogle
Anything But 7
eogle
Anything But Thing
eogle
Word Ladder: February 29
pecheneg
Song Title Questions
pecheneg
Women's NCAA Tournament #1 Seeds
pecheneg
Trending Topics
Anime
NBA
Kpop
Harry Potter
Disney
Marvel
Crossword
Soccer
NFL
Country
Pokémon
WWE
The Office
Puzzle
Song
Your Account Isn't Verified!
In order to create a playlist on Sporcle, you need to verify the email address you used during registration. Go to your
Sporcle Settings
to finish the process.
Report this User
Report this user for behavior that violates our
Community Guidelines
.
Details:
Send Report
Go to the Sporcle.com Mobile Site →
Comments